Résidences officielles d'Europe - Statistiques

Statistiques générales
  • Ce quiz a été pris 8 fois
  • Le résultat moyen est 4 sur 33
Statistiques - réponses
HINT ANSWER % Correct
France Palais de l'Élysée
100%
Albanie Palais présidentiel
43%
Chypre Palais présidentiel
43%
Croatie Palais présidentiel
43%
Estonie Palais présidentiel
43%
Finlande Palais présidentiel
43%
Grèce Palais présidentiel
43%
Lituanie Palais présidentiel
43%
Slovénie Palais présidentiel
43%
Irlande Áras an Uachtaráin
0%
Autriche Ballhausplatz 2
0%
Bosnie-Herzégovine Bâtiment de la Présidence
0%
Pays-Bas Catshuis
0%
Allemagne Château de Bellevue
0%
République tchèque Château de Prague
0%
Lettonie Château de Riga
0%
Russie Kremlin
0%
Bulgarie Largo
0%
Belgique Le Lambermont
0%
Suède Maison Sager
0%
Danemark Marienborg
0%
Serbie Novi dvor
0%
Monténégro Palais Bleu
0%
Roumanie Palais Cotroceni
0%
Espagne Palais de la Moncloa
0%
Italie Palais du Quirinal
0%
Slovaquie Palais Grassalkovitch
0%
Pologne Palais Koniecpolski
0%
Portugal Palais national de Belém
0%
Malte Palais Saint-Antoine
0%
Hongrie Palais Sándor
0%
Luxembourg Refuge Saint-Maximin
0%
Macédoine du Nord Villa Vodno
0%
Aucun quiz correspondant
Distribution des résultats
% des personnes avec chaque résultat
Percentile par nombre de réponses
Votre historique - résultats
Vous n’avez pas pris ce quiz